| 000 | 00000nas##2200000za#4500 |
| 001 | 9.508523 |
| 003 | CaOODSP |
| 005 | 20220901164646 |
| 007 | ta |
| 008 | 150406c1994||||xxc|| p #||||f| |0fre|d |
| 022 | |a1189-9492 |
| 040 | |aCaOODSP|bfre |
| 041 | |aeng |
| 041 | |afre |
| 043 | |an-cn--- |
| 086 | 1 |aJ12-1 |
| 110 | 1 |aCanada.|bJustice Canada. |
| 245 | 10|aTableau des lois d'intérêt public; Tableau des lois et des ministres responsables |
| 260 | |aOttawa - Ontario : |bJustice Canada |
| 310 | |aTrois fois par année |
| 362 | 1 |aVol. 1, no 94-1 (à jour jusqu'au 31 déc. 1993)-v. 4, no 97-1 (à jour au 30 avril 1997) |
| 563 | |aCouverture souple |
| 791 | |tTable of Public Statutes; Table of Acts and Responsible Ministers |eeng|w(CaOODSP)9.508522 |